00435nam a2200181Ia 4500008004100000020001400041050001400055100002400069245002000093245004100113260001500154260001600169260000900185300001400194300002700208300001000235500000800245170918s9999 xx 000 0 und d a590446479 bB772 1991 aBourgeois, Paulette aFranklin fibs / cPaulette Bourheois and Brenda Clark. aNew York : bScholastic, c1991 aunpaged : bcolored illustration ; c23cm. a440